[Event "DEM U16 2019"]
[Site "Willingen GER"]
[Date "2019.06.11"]
[Round "4"]
[White "Trifan, Andrei Ioan"]
[Black "Jeschke, Jan"]
[Result "1-0"]
[Termination "normal"]
[Board "10"]
[WhiteElo "2268"]
[BlackElo "1871"]
[WhiteClock "00:15:21"]
[BlackClock "00:00:41"]
[PlyCount "75"]
[WhiteFideId "12967068"]
[BlackFideId "16225430"]
[EventCountry "GER"]
[EventRounds "9"]
[EventType "swiss"]
[EventDate "2019.06.08"]

1. e4 {[%clk 1:30:57]} 1... e6 {[%clk 1:30:46]} 2. d4 {[%clk 1:31:00]} 2... d5
{[%clk 1:31:09]} 3. Nc3 {[%clk 1:31:02]} 3... Bb4 {[%clk 1:30:50]} 4. e5 {
[%clk 1:31:15]} 4... c5 {[%clk 1:31:04]} 5. a3 {[%clk 1:31:30]} 5... Bxc3+ {
[%clk 1:31:14]} 6. bxc3 {[%clk 1:31:53]} 6... Qc7 {[%clk 1:28:24]} 7. Qg4 {
[%clk 1:21:13]} 7... Ne7 {[%clk 1:25:35]} 8. Bd3 {[%clk 1:20:59]} 8... cxd4 {
[%clk 1:23:50]} 9. Ne2 {[%clk 1:20:42]} 9... dxc3 {[%clk 1:22:19]} 10. Qxg7 {
[%clk 1:20:45]} 10... Rg8 {[%clk 1:22:43]} 11. Qxh7 {[%clk 1:20:29]} 11... Qxe5
{[%clk 1:19:54]} 12. h4 {[%clk 1:20:05]} 12... Nbc6 {[%clk 0:58:24]} 13. Bf4 {
[%clk 1:18:59]} 13... Qh8 {[%clk 0:52:00]} 14. Qxh8 {[%clk 1:17:27]} 14... Rxh8
{[%clk 0:52:25]} 15. Nxc3 {[%clk 1:11:48]} 15... a6 {[%clk 0:48:40]} 16. O-O-O
{[%clk 1:06:19]} 16... f6 {[%clk 0:47:23]} 17. Bd6 {[%clk 0:49:58]} 17... Kf7 {
[%clk 0:43:49]} 18. f4 {[%clk 0:46:12]} 18... f5 {[%clk 0:39:25]} 19. Ne2 {
[%clk 0:42:22]} 19... Bd7 {[%clk 0:39:05]} 20. Ng1 {[%clk 0:40:14]} 20... Rag8
{[%clk 0:35:54]} 21. Rd2 {[%clk 0:40:14]} 21... Rg4 {[%clk 0:35:06]} 22. h5 {
[%clk 0:35:22]} 22... Ng8 {[%clk 0:33:54]} 23. Nf3 {[%clk 0:28:10]} 23... Nf6 {
[%clk 0:32:54]} 24. Ng5+ {[%clk 0:28:01]} 24... Kg7 {[%clk 0:32:30]} 25. Re1 {
[%clk 0:27:32]} 25... Nxh5 {[%clk 0:19:41]} 26. Nxe6+ {[%clk 0:25:22]} 26...
Bxe6 {[%clk 0:16:29]} 27. Rxe6 {[%clk 0:25:50]} 27... Nxf4 {[%clk 0:16:28]} 28.
Bxf5 {[%clk 0:26:04]} 28... Rg5 {[%clk 0:11:18]} 29. Bxf4 {[%clk 0:24:09]}
29... Rxf5 {[%clk 0:11:37]} 30. g3 {[%clk 0:24:36]} 30... Kf7 {[%clk 0:10:52]}
31. Rd6 {[%clk 0:23:10]} 31... Ne7 {[%clk 0:04:07]} 32. Rd7 {[%clk 0:22:41]}
32... Rh1+ {[%clk 0:02:16]} 33. Kb2 {[%clk 0:21:25]} 33... Re1 {[%clk 0:02:06]}
34. Rxb7 {[%clk 0:20:24]} 34... Rf6 {[%clk 0:01:15]} 35. Rxd5 {[%clk 0:17:45]}
35... Re2 {[%clk 0:00:43]} 36. Rd2 {[%clk 0:14:38]} 36... Rxd2 {[%clk 0:00:41]}
37. Bxd2 {[%clk 0:15:02]} 37... Rg6 {[%clk 0:00:41]} 38. Bb4 {[%clk 0:15:21]}
1-0

[Event "DEM U16 2019"]
[Site "Willingen GER"]
[Date "2019.06.11"]
[Round "4"]
[White "Röhr, Tobias"]
[Black "Burian, Simon"]
[Result "1/2-1/2"]
[Termination "normal"]
[Board "11"]
[WhiteElo "2208"]
[BlackElo "2001"]
[WhiteClock "00:06:12"]
[BlackClock "00:25:16"]
[PlyCount "77"]
[WhiteFideId "12963089"]
[BlackFideId "12956902"]
[EventCountry "GER"]
[EventRounds "9"]
[EventType "swiss"]
[EventDate "2019.06.08"]

1. d4 {[%clk 1:30:58]} 1... Nf6 {[%clk 1:30:55]} 2. c4 {[%clk 1:31:24]} 2... g6
{[%clk 1:31:18]} 3. Nc3 {[%clk 1:31:45]} 3... d5 {[%clk 1:31:38]} 4. cxd5 {
[%clk 1:32:09]} 4... Nxd5 {[%clk 1:31:57]} 5. e4 {[%clk 1:32:24]} 5... Nxc3 {
[%clk 1:32:17]} 6. bxc3 {[%clk 1:32:48]} 6... Bg7 {[%clk 1:32:37]} 7. Qa4+ {
[%clk 1:33:12]} 7... Nd7 {[%clk 1:31:11]} 8. Nf3 {[%clk 1:31:53]} 8... O-O {
[%clk 1:30:42]} 9. Be2 {[%clk 1:31:38]} 9... c5 {[%clk 1:26:47]} 10. O-O {
[%clk 1:31:22]} 10... a6 {[%clk 1:24:25]} 11. Bg5 {[%clk 1:24:37]} 11... h6 {
[%clk 1:20:12]} 12. Be3 {[%clk 1:22:21]} 12... b5 13. Qa3 {[%clk 1:20:21]}
13... Bb7 {[%clk 1:16:03]} 14. e5 {[%clk 1:06:26]} 14... cxd4 {[%clk 1:12:39]}
15. cxd4 {[%clk 1:06:20]} 15... Nb6 {[%clk 1:09:00]} 16. Nd2 {[%clk 1:02:14]}
16... Bd5 {[%clk 1:05:46]} 17. Bf3 {[%clk 0:57:27]} 17... Bxf3 {[%clk 1:04:15]}
18. Nxf3 {[%clk 0:57:31]} 18... Nc4 {[%clk 1:02:38]} 19. Qb4 {[%clk 0:52:51]}
19... Rc8 {[%clk 0:58:37]} 20. Nd2 {[%clk 0:50:24]} 20... Nxd2 {[%clk 0:52:40]}
21. Qxd2 {[%clk 0:50:39]} 21... Qd5 {[%clk 0:51:50]} 22. Bxh6 {[%clk 0:44:22]}
22... Bxh6 {[%clk 0:51:56]} 23. Qxh6 {[%clk 0:44:46]} 23... Qxd4 { [%clk
0:52:18]} 24. Rae1 {[%clk 0:40:31]} 24... e6 {[%clk 0:47:33]} 25. Re3 { [%clk
0:34:59]} 25... Rc3 {[%clk 0:45:10]} 26. Qg5 {[%clk 0:32:45]} 26... Rfc8 {[%clk
0:41:13]} 27. h4 {[%clk 0:31:10]} 27... Rc1 {[%clk 0:39:30]} 28. Rxc1 { [%clk
0:29:50]} 28... Rxc1+ {[%clk 0:39:51]} 29. Kh2 {[%clk 0:30:17]} 29... Rc4
{[%clk 0:39:44]} 30. Kg3 {[%clk 0:27:25]} 30... Rc3 {[%clk 0:30:59]} 31. Rxc3 {
[%clk 0:20:39]} 31... Qxc3+ {[%clk 0:31:24]} 32. f3 {[%clk 0:20:18]} 32... Qd3
{[%clk 0:28:21]} 33. Qe7 {[%clk 0:14:04]} 33... Qf5 {[%clk 0:27:08]} 34. Qd6 {
[%clk 0:13:06]} 34... Kg7 {[%clk 0:26:24]} 35. f4 {[%clk 0:11:17]} 35... a5 {
[%clk 0:25:31]} 36. Qd8 {[%clk 0:10:17]} 36... a4 {[%clk 0:25:47]} 37. Qe7 {
[%clk 0:05:56]} 37... Qd3+ {[%clk 0:25:59]} 38. Kh2 {[%clk 0:05:54]} 38... Qf5
{[%clk 0:25:16]} 39. Kg3 {[%clk 0:06:12]} 1/2-1/2

[Event "DEM U16 2019"]
[Site "Willingen GER"]
[Date "2019.06.11"]
[Round "4"]
[White "Huber, Benedikt"]
[Black "Boder, Jan"]
[Result "1/2-1/2"]
[Termination "normal"]
[Board "12"]
[WhiteElo "2051"]
[BlackElo "2123"]
[WhiteClock "00:11:03"]
[BlackClock "00:35:03"]
[PlyCount "97"]
[WhiteFideId "12923583"]
[BlackFideId "16243226"]
[EventCountry "GER"]
[EventRounds "9"]
[EventType "swiss"]
[EventDate "2019.06.08"]

1. d4 {[%clk 1:30:57]} 1... Nf6 {[%clk 1:30:51]} 2. c4 {[%clk 1:30:54]} 2... c5
{[%clk 1:31:10]} 3. d5 {[%clk 1:30:50]} 3... b5 {[%clk 1:31:36]} 4. Nf3 { [%clk
1:30:48]} 4... g6 {[%clk 1:31:27]} 5. cxb5 {[%clk 1:30:36]} 5... a6 { [%clk
1:31:48]} 6. e4 {[%clk 1:30:51]} 6... Bg7 {[%clk 1:24:07]} 7. Nc3 { [%clk
1:24:51]} 7... O-O {[%clk 1:23:26]} 8. a4 {[%clk 1:17:23]} 8... e6 { [%clk
1:16:06]} 9. Bc4 {[%clk 1:03:04]} 9... exd5 {[%clk 1:14:54]} 10. Bxd5 { [%clk
0:57:54]} 10... Ra7 {[%clk 1:15:04]} 11. Bf4 {[%clk 0:55:48]} 11... Bb7 { [%clk
1:10:03]} 12. O-O {[%clk 0:46:22]} 12... Bxd5 {[%clk 1:08:30]} 13. exd5 { [%clk
0:45:30]} 13... d6 {[%clk 1:07:58]} 14. h3 {[%clk 0:38:41]} 14... Re8 { [%clk
1:05:44]} 15. a5 {[%clk 0:34:24]} 15... axb5 {[%clk 1:01:51]} 16. Nxb5 { [%clk
0:34:11]} 16... Ra6 {[%clk 1:01:48]} 17. Qd3 {[%clk 0:27:00]} 17... Nh5 { [%clk
0:56:56]} 18. Bg5 {[%clk 0:25:53]} 18... Qd7 {[%clk 0:56:53]} 19. Ra2 { [%clk
0:20:18]} 19... h6 {[%clk 0:56:47]} 20. Bd2 {[%clk 0:20:20]} 20... Nf6 { [%clk
0:57:13]} 21. Bc3 {[%clk 0:18:27]} 21... Nxd5 {[%clk 0:56:04]} 22. Qxd5 { [%clk
0:15:06]} 22... Qxb5 {[%clk 0:56:23]} 23. Nd2 {[%clk 0:15:19]} 23... Nc6 {[%clk
0:49:24]} 24. Nc4 {[%clk 0:10:51]} 24... Nb4 {[%clk 0:47:31]} 25. Bxb4 { [%clk
0:10:02]} 25... Qxb4 {[%clk 0:47:57]} 26. Nxd6 {[%clk 0:10:19]} 26... Re6
{[%clk 0:43:49]} 27. Nc4 {[%clk 0:08:41]} 27... Bd4 {[%clk 0:43:37]} 28. Ne3 {
[%clk 0:08:14]} 28... Qd2 {[%clk 0:39:13]} 29. b4 {[%clk 0:07:52]} 29... Qxb4 {
[%clk 0:38:11]} 30. Nc2 {[%clk 0:08:15]} 30... Qc3 {[%clk 0:38:05]} 31. Nxd4 {
[%clk 0:08:08]} 31... cxd4 {[%clk 0:37:03]} 32. Rd1 {[%clk 0:07:58]} 32... Red6
{[%clk 0:33:13]} 33. Qb5 {[%clk 0:08:17]} 33... d3 {[%clk 0:32:22]} 34. Rad2 {
[%clk 0:08:37]} 34... Qxa5 {[%clk 0:30:40]} 35. Qxa5 {[%clk 0:08:47]} 35...
Rxa5 {[%clk 0:31:04]} 36. Rxd3 {[%clk 0:09:13]} 36... Rf6 {[%clk 0:30:56]} 37.
g3 {[%clk 0:08:44]} 37... Kg7 {[%clk 0:31:21]} 38. Kg2 {[%clk 0:09:07]} 38...
g5 {[%clk 0:31:48]} 39. Rf3 {[%clk 0:09:11]} 39... Rxf3 {[%clk 0:32:08]} 40.
Kxf3 {[%clk 0:09:35]} 40... Ra3+ {[%clk 0:32:36]} 41. Kg2 {[%clk 0:09:49]}
41... Kg6 {[%clk 0:32:59]} 42. Rd6+ {[%clk 0:10:12]} 42... f6 {[%clk 0:33:20]}
43. Rb6 {[%clk 0:10:28]} 43... h5 {[%clk 0:33:44]} 44. Rb8 {[%clk 0:10:13]}
44... Ra5 {[%clk 0:33:56]} 45. Rg8+ {[%clk 0:09:56]} 45... Kf5 {[%clk 0:34:19]}
46. Rh8 {[%clk 0:10:17]} 46... Kg6 {[%clk 0:34:35]} 47. Rg8+ {[%clk 0:10:42]}
47... Kf7 {[%clk 0:35:03]} 48. Rh8 {[%clk 0:11:03]} 48... Kg6 49. Rg8+ 1/2-1/2